000 00926nmm a2200265 a 4500
001 ocm000703569
003 TR-IsHL
005 20201028153658.0
008 140402s1967 tu tur
007 cr cn
035 _a703569
_b(N$T)
050 0 4 _aBP194
_b.H18 1967
090 0 4 _aBP194
_b.H18 1967
100 1 _aHamidullah, Muhammed
245 1 0 _aHemmam İbn Munebbih'in sahifesi
_h[electronic resource] /
_cMuhammed Hamidullah ; çev. Talât Koçyiğit
260 _aAnkara :
_bAnkara Üniversitesi İlahiyat Fakültesi,
_c1967
300 _a135 p.
650 4 _aFelsefe, Psikoloji ve Din
650 4 _aPhilosophy, Psychology and Religion
650 0 _aİslam felsefesi
_x Hadis
650 0 _aIslamic philosophy
_x Hadith
650 7 _aPHILOSOPHY / Religious
_2bisacsh
700 1 _aKoçyiğit, Talat
856 4 0 _uhttp://search.ebscohost.com/login.aspx?direct=true&scope=site&db=e011xww&AN=703569
999 _c12174
_d12174